[Event "Mitch The Man's First Chess Tournament"]
[Site "SchemingMind.com"]
[Date "2009.09.21"]
[Round "-"]
[White "Sire"]
[Black "Roger Martindale"]
[Result "1-0"]
[WhiteCountry "AUS"]
[BlackCountry "USA"]
[WhiteElo "1468"]
[WhiteRD "68"]
[BlackElo "1624"]
[BlackRD "98"]
[GameID "220682"]

1. e4 e5 2. Bc4 Nf6 3. d3 Bc5 4. Bg5 h6 5. Bh4 O-O 6. Qf3 g5 7. Bg3 d6 8. h3 Nc6 9. c3 a6 10. b4 b5
11. Bd5 Qd7 12. Qxf6 Qe7 13. Qxh6 Rd8 14. Bxc6 Rb8 15. Nf3 Rb6 16. Nxg5 Rxc6 17. Qh7+
1-0

[Event "Mitch The Man's First Chess Tournament"]
[Site "SchemingMind.com"]
[Date "2009.09.21"]
[Round "-"]
[White "agoodhobby"]
[Black "Mitch The Man"]
[Result "1-0"]
[WhiteCountry "USA"]
[BlackCountry "USA"]
[WhiteElo "1495"]
[WhiteRD "56"]
[BlackElo "1396"]
[BlackRD "59"]
[GameID "220689"]

1. e4 e5 2. Nf3 d6 3. d4 Qe7 4. Nc3 f6 5. Bc4 Bd7 6. O-O Be6 7. Bxe6 Qxe6 8. Re1 exd4 9. Nxd4 Qf7 10. f4 Nd7
11. Nd5 O-O-O 12. Rf1 c6 13. Nc3 g6 14. e5 dxe5 15. fxe5 Nxe5 16. Bf4 Nc4 17. b3 c5 18. bxc4 Rxd4 19. Qf3 Qxc4 20. Rab1 g5
21. Qxb7+ Kd8 22. Qb8+ Ke7 23. Rb7+ Ke6 24. Qc8+
1-0

[Event "Mitch The Man's First Chess Tournament"]
[Site "SchemingMind.com"]
[Date "2009.09.21"]
[Round "-"]
[White "agoodhobby"]
[Black "grabapawn"]
[Result "1-0"]
[WhiteCountry "USA"]
[BlackCountry "USA"]
[WhiteElo "1495"]
[WhiteRD "56"]
[BlackElo "1595"]
[BlackRD "71"]
[GameID "220691"]

1. e4 e5 2. Nf3 Nc6 3. Bb5 Nge7 4. O-O a6 5. Bc4 d6 6. c3 Bg4 7. d4 exd4 8. cxd4 Ng6 9. h3 Bh5 10. g4 Bxg4
11. hxg4 Qd7 12. Nh2 Be7 13. Qf3 O-O 14. Be3 Nh4 15. Qh3 Na5 16. b3 Nxc4 17. bxc4 Qe6 18. Nc3 Qxc4 19. Nd5 Bd8 20. Nf3 Nxf3+
21. Qxf3 c6 22. Nf4 b5 23. Kg2 a5 24. Rh1 Bg5 25. Qh3 h6 26. Nh5 Bxe3 27. Qxe3 d5 28. Nxg7
1-0

[Event "Mitch The Man's First Chess Tournament"]
[Site "SchemingMind.com"]
[Date "2009.09.22"]
[Round "-"]
[White "agoodhobby"]
[Black "jacksrking"]
[Result "0-1"]
[WhiteCountry "USA"]
[BlackCountry "USA"]
[WhiteElo "1495"]
[WhiteRD "56"]
[BlackElo "1390"]
[BlackRD "60"]
[GameID "220692"]

1. e4 c5 2. Nf3 d6 3. d4 Nf6 4. Nc3 Nbd7 5. Bb5 a6 6. Bc4 e6 7. Bg5 h6 8. Bxf6 Nxf6 9. O-O Bd7 10. Re1 b5
11. Bd3 c4 12. Be2 d5 13. Ne5 Bd6 14. Nxd7 Nxd7 15. e5 Be7 16. f4 g6 17. h3 Bb4 18. Qd2 O-O 19. g4 Qh4 20. Kg2 f5
21. g5 hxg5 22. fxg5 f4 23. Bg4 f3+ 24. Bxf3 Rf5 25. Bg4 Rxg5 26. Rf1 Rf8 27. Kh2 Rxg4 28. Rxf8+ Nxf8 29. Rg1 Rxg1 30. Kxg1 Qxh3
31. a3 Bxc3
0-1

[Event "Mitch The Man's First Chess Tournament"]
[Site "SchemingMind.com"]
[Date "2009.09.21"]
[Round "-"]
[White "agoodhobby"]
[Black "Sire"]
[Result "0-1"]
[WhiteCountry "USA"]
[BlackCountry "AUS"]
[WhiteElo "1373"]
[WhiteRD "63"]
[BlackElo "1468"]
[BlackRD "68"]
[GameID "220693"]

1. e4 d5 2. exd5 Qxd5 3. Nc3 Qe5+ 4. Be2 Bg4 5. d4 Qe6 6. Be3 Bf5 7. Nf3 Be4 8. Nxe4 Qxe4 9. O-O e6 10. Re1 Bb4
11. c3 Ba5 12. b4 Bb6 13. a4 a5 14. b5 Nd7 15. c4 Ne7 16. c5 Ba7 17. Rb1 b6 18. c6 Nf6 19. Bg5 Nfd5 20. Nd2 Qf5
21. Rb3 f6 22. Be3 O-O 23. Nf1 Rad8 24. Ng3 Nxe3 25. Rxe3 Qd5 26. Bf3 Qc4 27. Qb3 Qxb3 28. Rxb3 Rxd4 29. Rxe6 Re8 30. Nf5 Rxa4
31. Nxe7+ Kf7 32. Re1 Rxe7 33. Rxe7+ Kxe7 34. Kf1 Rc4 35. Be2 Rc1+
0-1

[Event "Mitch The Man's First Chess Tournament"]
[Site "SchemingMind.com"]
[Date "2009.09.21"]
[Round "-"]
[White "agoodhobby"]
[Black "Roger Martindale"]
[Result "1-0"]
[WhiteCountry "USA"]
[BlackCountry "USA"]
[WhiteElo "1495"]
[WhiteRD "56"]
[BlackElo "1557"]
[BlackRD "90"]
[GameID "220694"]

1. e4 e5 2. Nf3 Nc6 3. Bb5 Nf6 4. O-O Bc5 5. c3 h6 6. d4 exd4 7. cxd4 a6 8. Bxc6 dxc6 9. dxc5 Qxd1 10. Rxd1 O-O
11. Nc3 Be6 12. Bf4 Rac8 13. b4 b5 14. a4 Ra8 15. Bxc7 Ra7 16. Bd6 Bb3 17. Bxf8 Bxd1 18. Rxd1 Kxf8 19. Ne5 Re7 20. Nxc6 Re6
21. Rd8+ Ne8 22. axb5 axb5 23. Nd4 Re7 24. Ndxb5 Rb7 25. Nd6 Re7 26. Rxe8+ Rxe8 27. Nxe8 Kxe8 28. f4 Kd7 29. Kf2 Kc6 30. Ke3 g5
31. fxg5 hxg5 32. h4
1-0

[Event "Mitch The Man's First Chess Tournament"]
[Site "SchemingMind.com"]
[Date "2009.09.21"]
[Round "-"]
[White "Mitch The Man"]
[Black "agoodhobby"]
[Result "0-1"]
[WhiteCountry "USA"]
[BlackCountry "USA"]
[WhiteElo "1396"]
[WhiteRD "59"]
[BlackElo "1495"]
[BlackRD "56"]
[GameID "220695"]

1. e4 c5 2. d4 cxd4 3. Qxd4 Nc6 4. Qd1 Nf6 5. f3 e5 6. Bd2 Bb4 7. c3 Bc5 8. Ne2 d6 9. Qc1 O-O 10. Be3 Bxe3
11. Qxe3 Re8 12. Nd2 Be6 13. g3 Bc4 14. Bh3 h6 15. Nxc4 d5 16. exd5 Nxd5 17. Qd2 e4 18. fxe4 Rxe4 19. O-O-O Rxc4 20. Qe1 Qg5+
21. Kb1 Ne3 22. Rd2 Qh5 23. Bd7 Qg6+ 24. Kc1 Ne5 25. Bb5 Nd3+ 26. Rxd3 Qxd3 27. Qd2 Qxd2+ 28. Kxd2 Re4 29. Kd3 Re7 30. Nd4 Rd8
31. Kd2 Nf5 32. Bc4 Nxd4 33. cxd4 Rxd4+ 34. Kc3 Rd6 35. a4 Rc7 36. b3 a6 37. Re1 b5 38. axb5 axb5 39. Re8+ Kh7
0-1

[Event "Mitch The Man's First Chess Tournament"]
[Site "SchemingMind.com"]
[Date "2009.09.21"]
[Round "-"]
[White "lame wolf"]
[Black "agoodhobby"]
[Result "1-0"]
[WhiteCountry "INT"]
[BlackCountry "USA"]
[WhiteElo "1070"]
[WhiteRD "60"]
[BlackElo "1373"]
[BlackRD "63"]
[GameID "220696"]

1. e4 c5 2. d4 cxd4 3. Qxd4 Nc6 4. Qd1 e5 5. c3 Nf6 6. Be3 d5 7. exd5 Nxd5 8. Bb5 Nxe3 9. fxe3 Qxd1+ 10. Kxd1 Bg4+
11. Ne2 Bc5 12. Bxc6+ bxc6 13. Ke1 Bxe3 14. g3
1-0

[Event "Mitch The Man's First Chess Tournament"]
[Site "SchemingMind.com"]
[Date "2009.09.22"]
[Round "-"]
[White "grabapawn"]
[Black "agoodhobby"]
[Result "0-1"]
[WhiteCountry "USA"]
[BlackCountry "USA"]
[WhiteElo "1595"]
[WhiteRD "71"]
[BlackElo "1495"]
[BlackRD "56"]
[GameID "220697"]

1. e4 c5 2. Nf3 Nc6 3. Bc4 e6 4. d4 cxd4 5. Nxd4 Nf6 6. Nc3 d6 7. O-O d5 8. exd5 exd5 9. Bb5 Bd7 10. Re1+ Be7
11. Nxc6 bxc6 12. Ba4 O-O 13. Bg5 h6 14. Bh4 Qb6 15. Rxe7 Qxb2 16. Ne2 Qb4 17. Re3 Qxh4 18. Bb3 Ng4 19. Rh3 Qxf2+ 20. Kh1 Ne3
21. Qd3 Qxg2#
0-1

[Event "Mitch The Man's First Chess Tournament"]
[Site "SchemingMind.com"]
[Date "2009.09.22"]
[Round "-"]
[White "jacksrking"]
[Black "agoodhobby"]
[Result "0-1"]
[WhiteCountry "USA"]
[BlackCountry "USA"]
[WhiteElo "1390"]
[WhiteRD "60"]
[BlackElo "1495"]
[BlackRD "56"]
[GameID "220698"]

1. e4 c5 2. Nf3 Nc6 3. d4 cxd4 4. Nxd4 Nf6 5. Nc3 e5 6. Nxc6 bxc6 7. Bc4 Bb4 8. Bd2 d5 9. exd5 cxd5 10. Bb5+ Bd7
11. Bxd7+ Qxd7 12. Ne2 Bxd2+ 13. Qxd2 O-O 14. O-O-O Rfd8 15. c4 Rac8 16. b3 Ne4 17. Qd3 Nxf2 18. Qxd5 Nxd1 19. Qxe5 Qd2+ 20. Kb1 Re8
0-1

[Event "Mitch The Man's First Chess Tournament"]
[Site "SchemingMind.com"]
[Date "2009.09.22"]
[Round "-"]
[White "Sire"]
[Black "agoodhobby"]
[Result "1-0"]
[WhiteCountry "AUS"]
[BlackCountry "USA"]
[WhiteElo "1468"]
[WhiteRD "68"]
[BlackElo "1373"]
[BlackRD "63"]
[GameID "220699"]

1. g3 e5 2. Bg2 d5 3. Nc3 Nf6 4. d3 Nc6 5. Bg5 Be7 6. Bxf6 Bxf6 7. Bxd5 O-O 8. Nf3 Re8 9. Ne4 Be6 10. Bxc6 bxc6
11. Nc5 e4 12. Nxe4 Bxb2 13. Rb1 Bf6 14. Nxf6+ Qxf6 15. O-O Bxa2 16. Rc1 c5 17. c4 Reb8 18. d4 cxd4 19. Qc2 Bb3 20. Qd3 a5
21. Nxd4 a4 22. Qe4 a3 23. Nc6 Rb6 24. Ne7+ Kf8 25. Qxa8+ Rb8 26. Qxb8+ Kxe7 27. Qxc7+ Ke6 28. Qb6+ Ke7 29. Qxb3
1-0

[Event "Mitch The Man's First Chess Tournament"]
[Site "SchemingMind.com"]
[Date "2009.09.22"]
[Round "-"]
[White "Roger Martindale"]
[Black "agoodhobby"]
[Result "1-0"]
[WhiteCountry "USA"]
[BlackCountry "USA"]
[WhiteElo "1624"]
[WhiteRD "98"]
[BlackElo "1373"]
[BlackRD "63"]
[GameID "220700"]

1. e4 c5 2. c4 Nc6 3. d3 e5 4. Nf3 d6 5. h3 Be7 6. Nc3 Nf6 7. a3 O-O 8. Be2 a6 9. O-O Qa5 10. Bd2 Qb6
11. Na4 Qd8 12. Nc3 b5 13. cxb5 axb5 14. Nxb5 Ba6 15. a4 Qb6 16. Be3 Bxb5 17. axb5 Rxa1 18. Qxa1 Qxb5 19. Qa2 h6 20. Rb1
1-0

[Event "Mitch The Man's First Chess Tournament"]
[Site "SchemingMind.com"]
[Date "2009.09.21"]
[Round "-"]
[White "maro"]
[Black "Mitch The Man"]
[Result "0-1"]
[WhiteCountry "MEX"]
[BlackCountry "USA"]
[WhiteElo "1348"]
[WhiteRD "47"]
[BlackElo "1396"]
[BlackRD "59"]
[GameID "220724"]

1. c4 e5 2. d4 exd4 3. Qxd4 Qe7 4. Qe3 Qxe3 5. Bxe3 c5 6. g3 b6 7. Bg2 Nc6 8. Nc3 Rb8 9. Nd5 Bd6 10. Nh3 Nd4
11. Bxd4 cxd4 12. O-O Bb7 13. e4 Bxd5 14. exd5 Ne7 15. Rfe1 O-O 16. Rad1 Bc5 17. d6 Nc6 18. Bxc6 dxc6 19. d7 Rbd8 20. a3 Rxd7
21. b4 Be7 22. Nf4 c5 23. b5 Bg5 24. Nd5 Kh8 25. f4 Bd8 26. a4 f5 27. h3 h6 28. g4 fxg4 29. hxg4 Bh4 30. Re4 Kh7
31. f5 Bg5 32. Kg2 Rb7 33. Rf1 Rd7 34. Rf3 Kh8 35. a5 bxa5 36. b6 axb6 37. Nxb6 Rb7 38. Na4 Rc7 39. Re5 Bf6 40. Rxc5 Rxc5
41. Nxc5 Rc8 42. Nb7 Rxc4 43. Nxa5 Rc2+ 44. Kh3 Rc3 45. Rxc3 dxc3 46. Nb3 c2 47. Kg2 Bb2 48. Kf1 c1=Q+ 49. Nxc1 Bxc1 50. Ke2 Kg8
51. Kf3= Kf7 52. Ke4 Kf6
0-1

[Event "Mitch The Man's First Chess Tournament"]
[Site "SchemingMind.com"]
[Date "2009.09.21"]
[Round "-"]
[White "maro"]
[Black "lame wolf"]
[Result "1-0"]
[WhiteCountry "MEX"]
[BlackCountry "INT"]
[WhiteElo "1331"]
[WhiteRD "48"]
[BlackElo "1070"]
[BlackRD "60"]
[GameID "220725"]

1. c4 c5 2. d4 e6 3. d5 e5 4. e4 d6 5. Nc3 Na6 6. a3 Bd7 7. g3 Rb8 8. Nh3 b5 9. cxb5 Nc7 10. a4 a6
11. bxa6 Bc8 12. a7 Ra8 13. Nb5 Nxb5 14. axb5 Bb7 15. Bd2 Qb6 16. Be2 Be7 17. Ba5 Qxa7 18. b6 Qa6 19. Bxa6 Bxa6 20. Qa4+ Kd8
21. b7#
1-0

[Event "Mitch The Man's First Chess Tournament"]
[Site "SchemingMind.com"]
[Date "2009.09.22"]
[Round "-"]
[White "maro"]
[Black "grabapawn"]
[Result "0-1"]
[WhiteCountry "MEX"]
[BlackCountry "USA"]
[WhiteElo "1331"]
[WhiteRD "48"]
[BlackElo "1613"]
[BlackRD "76"]
[GameID "220726"]

1. e4 e5 2. Bc4 Nf6 3. f4 Nc6 4. f5 Nxe4 5. Bxf7+ Kxf7 6. Qh5+ Kg8 7. d3 Nf6 8. Qh4 d5 9. Bg5 Bxf5 10. Nc3 Nb4
11. Nge2 Nxc2+ 12. Kd2 Nxa1 13. Rxa1 e4 14. d4 c5 15. h3 Be7 16. g4 Bg6 17. Rf1 h6 18. Bxf6 Bxf6 19. g5 Bxg5+
0-1

[Event "Mitch The Man's First Chess Tournament"]
[Site "SchemingMind.com"]
[Date "2009.09.22"]
[Round "-"]
[White "maro"]
[Black "jacksrking"]
[Result "1-0"]
[WhiteCountry "MEX"]
[BlackCountry "USA"]
[WhiteElo "1348"]
[WhiteRD "47"]
[BlackElo "1390"]
[BlackRD "60"]
[GameID "220727"]

1. d4 d5 2. c4 e6 3. c5 Nc6 4. Nf3 h6 5. e3 Nf6 6. Nc3 Bd7 7. Bd3 Qe7 8. O-O O-O-O 9. a3 g5 10. Ne5 Bg7
11. Qb3 Na5 12. Qb4 Nc6 13. Nxc6 Bxc6 14. Nb5 Kb8 15. Bd2 Nd7 16. Qa5 Bxb5 17. Bxb5 c6 18. Bxc6 bxc6 19. Qb4+ Ka8 20. Qa5 f5
21. b4 Nf6 22. b5 Rb8 23. bxc6 Rhc8 24. Rab1 Qc7 25. Rb4 Rxb4 26. axb4 Qxc6 27. b5 Qd7 28. b6 Kb8 29. bxa7+ Qxa7 30. Rb1+ Ka8
31. Qb5 Nd7 32. c6 Rb8 33. cxd7 Rd8 34. Qc6+
1-0

[Event "Mitch The Man's First Chess Tournament"]
[Site "SchemingMind.com"]
[Date "2009.09.21"]
[Round "-"]
[White "maro"]
[Black "agoodhobby"]
[Result "1-0"]
[WhiteCountry "MEX"]
[BlackCountry "USA"]
[WhiteElo "1331"]
[WhiteRD "48"]
[BlackElo "1373"]
[BlackRD "63"]
[GameID "220728"]

1. d4 d5 2. c4 e6 3. c5 b6 4. e3 Nf6 5. Bb5+ Bd7 6. Qa4 Bxb5 7. Qxb5+ Nbd7 8. c6 Nb8 9. a4 a6 10. Qb3 Nxc6
11. Nc3 Bb4 12. Bd2 O-O 13. Nge2 Bxc3 14. Nxc3 Na7 15. a5 Nc6 16. Na4 bxa5 17. Nc5 Rb8 18. Nb7 Qd7 19. Bxa5 Na7 20. O-O
1-0

[Event "Mitch The Man's First Chess Tournament"]
[Site "SchemingMind.com"]
[Date "2009.09.21"]
[Round "-"]
[White "maro"]
[Black "Sire"]
[Result "1-0"]
[WhiteCountry "MEX"]
[BlackCountry "AUS"]
[WhiteElo "1331"]
[WhiteRD "48"]
[BlackElo "1468"]
[BlackRD "68"]
[GameID "220729"]

1. d4 b6 2. c4 Bb7 3. d5 d6 4. e4 Nf6 5. Nc3 Bc8 6. Be3 Bg4 7. Be2 Bxe2 8. Ngxe2 Qd7 9. h3 e5 10. O-O Be7
11. b4 Na6 12. b5 Nc5 13. Bxc5 dxc5 14. a4 Bd6 15. a5 O-O 16. a6 Be7 17. Ng3 Bd6 18. Nf5 g6 19. Nxd6 cxd6 20. Qf3 Nh5
21. Ne2 f5 22. exf5 Rxf5 23. Qe4 Raf8 24. f3 Nf6 25. Qe3 Ne8 26. g4 R5f7 27. Rf2 Rf6 28. Raf1 Qg7 29. g5 Rf5 30. Ng3 Rf4
31. Ne4 Qe7 32. h4 Ng7 33. Nf6+ Kh8 34. Ng4 Nf5 35. Qc3 Ng3 36. Re1 Qd7 37. Kh2 Nf5 38. Nf6 Qe7 39. Kh3 Rxh4+ 40. Kg2 Nd4
41. f4 Rxf6 42. gxf6 Qxf6 43. Qg3 Nf5 44. fxe5 dxe5 45. Qxe5 Qxe5 46. Rxe5 Rxc4 47. Re8+ Kg7 48. Rd2 Kf7 49. Ra8 Rg4+ 50. Kh3 Rg3+
51. Kh2 Kg7 52. Rxa7+ Kh6 53. d6
1-0

[Event "Mitch The Man's First Chess Tournament"]
[Site "SchemingMind.com"]
[Date "2009.09.21"]
[Round "-"]
[White "maro"]
[Black "Roger Martindale"]
[Result "0-1"]
[WhiteCountry "MEX"]
[BlackCountry "USA"]
[WhiteElo "1348"]
[WhiteRD "47"]
[BlackElo "1557"]
[BlackRD "90"]
[GameID "220730"]

1. c4 c5 2. d4 d6 3. d5 Nf6 4. Nf3 e6 5. dxe6 Bxe6 6. Na3 h6 7. e3 a6 8. Qa4+ Bd7 9. Nb5 Ne4 10. Be2 Nc6
11. O-O Be7 12. Bd3 f5 13. Nd2 O-O 14. Nxe4 fxe4 15. Bxe4 axb5 16. Qb3 b4 17. Bd5+ Kh8 18. e4 Nd4 19. Qd1 Bc6 20. Bxc6 bxc6
21. g3 Nf3+ 22. Kg2 Nd4 23. Be3 Bf6 24. b3 Qe7 25. f3 d5 26. cxd5 cxd5 27. Rc1 Rxa2+ 28. Rf2 Rxf2+ 29. Bxf2 dxe4 30. f4 Qb7
31. Rxc5 e3+ 32. Kg1 exf2+ 33. Kxf2 Re8
0-1

[Event "Mitch The Man's First Chess Tournament"]
[Site "SchemingMind.com"]
[Date "2009.09.22"]
[Round "-"]
[White "Mitch The Man"]
[Black "maro"]
[Result "1-0"]
[WhiteCountry "USA"]
[BlackCountry "MEX"]
[WhiteElo "1396"]
[WhiteRD "59"]
[BlackElo "1348"]
[BlackRD "47"]
[GameID "220731"]

1. e4 d5 2. e5 e6 3. d4 c5 4. Bd2 cxd4 5. Nf3 Bc5 6. Bb5+ Bd7 7. Bxd7+ Qxd7 8. O-O Ne7 9. b4 Bb6 10. a4 a5
11. b5 Qc7 12. Ra3 Nd7 13. Bg5 Ng6 14. Ra2 Ngxe5 15. Bf4 Qc4 16. Rb2 Qxa4 17. Nxe5 Nxe5 18. Bxe5 O-O 19. Qd3 Rfc8 20. Nd2 Rc3
21. Qe2 Rxc2 22. Rxc2 Qxc2 23. Rd1 d3 24. Qe1 Bxf2+ 25. Kxf2 Qc5+ 26. Kf1 Qxb5 27. Rb1 Qd7 28. Qe3 Rc8 29. Qxd3 b5 30. Rxb5 Rc1+
31. Ke2 a4 32. Rb8+ Rc8 33. Rb6 Ra8 34. Rd6 Qe7 35. Qa3 h6 36. Nf3 f6 37. Bc3 e5 38. Bb4 e4 39. Nd4 Qe5 40. Bc5 Qh5+
41. Ke1 Qxh2 42. Rxd5 Qg3+ 43. Qxg3
1-0

[Event "Mitch The Man's First Chess Tournament"]
[Site "SchemingMind.com"]
[Date "2009.09.21"]
[Round "-"]
[White "lame wolf"]
[Black "maro"]
[Result "0-1"]
[WhiteCountry "INT"]
[BlackCountry "MEX"]
[WhiteElo "1070"]
[WhiteRD "60"]
[BlackElo "1331"]
[BlackRD "48"]
[GameID "220732"]

1. d4 d5 2. g3 Nf6 3. Bg2 e6 4. Bg5 Be7 5. e4 dxe4 6. Ne2 Qd5 7. Nf4 Qxg5 8. Qe2 Ng4 9. Qxe4 O-O 10. Bf3 f5
11. Bxg4 fxe4 12. Nc3 Nc6 13. d5 exd5 14. Bxc8 Nd4 15. Ne6 Nxc2+ 16. Ke2 Qf6 17. Nxf8 Qf3+
0-1

[Event "Mitch The Man's First Chess Tournament"]
[Site "SchemingMind.com"]
[Date "2009.09.22"]
[Round "-"]
[White "grabapawn"]
[Black "maro"]
[Result "1-0"]
[WhiteCountry "USA"]
[BlackCountry "MEX"]
[WhiteElo "1613"]
[WhiteRD "76"]
[BlackElo "1331"]
[BlackRD "48"]
[GameID "220733"]

1. e4 e5 2. Nf3 Nf6 3. Bc4 d5 4. exd5 Nxd5 5. d4 e4 6. Ne5 e3 7. fxe3 Be6 8. O-O Bd6 9. Nd3 c6 10. e4 Bxh2+
11. Kxh2 Qh4+ 12. Kg1 Bg4 13. Qe1 Qh5 14. exd5+ Be2 15. d6 O-O 16. Rf2 Bg4 17. Rxf7 Rxf7 18. Qe8#
1-0

[Event "Mitch The Man's First Chess Tournament"]
[Site "SchemingMind.com"]
[Date "2009.09.22"]
[Round "-"]
[White "jacksrking"]
[Black "maro"]
[Result "0-1"]
[WhiteCountry "USA"]
[BlackCountry "MEX"]
[WhiteElo "1390"]
[WhiteRD "60"]
[BlackElo "1348"]
[BlackRD "47"]
[GameID "220734"]

1. e4 Nc6 2. d4 d5 3. Nc3 dxe4 4. Nxe4 Nxd4 5. Be3 Bg4 6. Nf3 e5 7. Bxd4 exd4 8. Qxd4 Qxd4 9. Nxd4 f5 10. f3 fxe4
11. fxg4 O-O-O 12. O-O-O Nf6 13. g5 Nd5 14. Nb5 c6 15. Nc3 Be7 16. Nxe4 Ne3 17. Rxd8+ Rxd8 18. Be2 Nxg2 19. Rd1 Rxd1+ 20. Kxd1 Ne3+
21. Kc1 b5 22. h4 g6 23. c3 a6 24. b4 Kc7 25. h5 gxh5 26. Bxh5 Kd7 27. Nf6+ Bxf6 28. gxf6 Nd5 29. f7 Ke7 30. Kc2 Nf6
31. Bf3 Nd5 32. Kd3 Kxf7 33. Kd4 Ke6 34. a3 h6 35. Kc5 Kd7 36. c4 bxc4 37. Kxc4 Ne3+ 38. Kc5 Nc2 39. a4 Ne1 40. Bxc6+ Kc7
41. a5 Nd3+ 42. Kd5 Nxb4+
0-1

[Event "Mitch The Man's First Chess Tournament"]
[Site "SchemingMind.com"]
[Date "2009.09.21"]
[Round "-"]
[White "agoodhobby"]
[Black "maro"]
[Result "0-1"]
[WhiteCountry "USA"]
[BlackCountry "MEX"]
[WhiteElo "1373"]
[WhiteRD "63"]
[BlackElo "1331"]
[BlackRD "48"]
[GameID "220735"]

1. e4 c6 2. d4 d5 3. Nc3 Qa5 4. exd5 cxd5 5. Bd2 e6 6. Nf3 Bb4 7. Be2 Nc6 8. a3 Bxc3 9. Bxc3 Qc7 10. O-O Nf6
11. Re1 O-O 12. Bb5 Bd7 13. Bxc6 Bxc6 14. Ne5 Bb5 15. Bd2 Ne4 16. Bb4 Rfe8 17. Qf3 Ng5 18. Qf4 h6
0-1

[Event "Mitch The Man's First Chess Tournament"]
[Site "SchemingMind.com"]
[Date "2009.09.21"]
[Round "-"]
[White "Sire"]
[Black "maro"]
[Result "1-0"]
[WhiteCountry "AUS"]
[BlackCountry "MEX"]
[WhiteElo "1468"]
[WhiteRD "68"]
[BlackElo "1331"]
[BlackRD "48"]
[GameID "220736"]

1. e4 e5 2. Bc4 Nh6 3. d4 exd4 4. Qxd4 Nc6 5. Qe3 b6 6. c3 Bc5 7. Qf3 Ne5 8. Qe2 Nxc4 9. Qxc4 Qf6 10. Qe2 Ba6
11. Qd2 O-O-O 12. f3 Bxg1 13. Rxg1 Rhe8 14. Qf2 d5 15. Nd2 d4 16. c4 Qe6 17. b3 f5 18. Bb2 fxe4 19. Nxe4 d3 20. O-O-O Nf5
21. Kb1 Bb7 22. Ng5 Qh6 23. Nf7 Re2 24. Nxh6 Rxf2 25. Nxf5 g6 26. Bf6 Rd7 27. Bh4 Re2 28. Ng3 Rc2 29. Bg5 a6 30. Rge1 Bc6
31. Rxd3 Rxg2 32. Rxd7 Bxd7 33. Rh1 Rf2 34. f4 h5 35. Ne4 Bf5 36. Re1 Rxh2 37. Ka1 h4 38. a3 h3 39. Ng3 Rg2 40. Nxf5 gxf5
41. Bf6 Rf2 42. Rh1 Rxf4 43. Rxh3 Rf1+ 44. Kb2 f4 45. Bd4 c5 46. Be5 f3 47. Bg3 Rg1 48. Bf2 Rd1 49. Rxf3 Rd2+ 50. Kc3
1-0

[Event "Mitch The Man's First Chess Tournament"]
[Site "SchemingMind.com"]
[Date "2009.09.21"]
[Round "-"]
[White "Roger Martindale"]
[Black "maro"]
[Result "1-0"]
[WhiteCountry "USA"]
[BlackCountry "MEX"]
[WhiteElo "1624"]
[WhiteRD "98"]
[BlackElo "1331"]
[BlackRD "48"]
[GameID "220737"]

1. e4 e5 2. Nf3 d6 3. Nc3 Be6 4. h3 c6 5. a3 d5 6. exd5 cxd5 7. Bb5+ Nd7 8. Nxe5 Bd6 9. Bxd7+ Bxd7 10. Nxd7 Qxd7
11. Qe2+ Ne7 12. Nxd5 O-O 13. d4 Nxd5 14. O-O Rfe8 15. Qf3 Nf4 16. Bxf4 Bxf4 17. Qxf4 Rac8 18. c3 h6 19. Rfe1 g5 20. Qd2 f6
21. Rxe8+ Rxe8 22. Re1
1-0